[Event "Kent league"]
[Site "?"]
[Date "1988.10.11"]
[Round "?"]
[White "Taylor, D."]
[Black "Stebbings, A."]
[Result "1-0"]
[WhiteElo "2016"]
[BlackElo "2224"]
[PlyCount "72"]
[EventDate "1988.??.??"]

1. e4 c5 2. Nf3 e6 3. d4 cxd4 4. Nxd4 Nc6 5. Nb5 d6 6. c4 Nf6 7. N5c3 Be7 8.
Be2 O-O 9. O-O b6 10. b3 Bb7 11. Bb2 Nd7 12. Nd2 Bf6 13. a3 a6 14. Rb1 Nd4 15.
Nf3 Nxe2+ 16. Qxe2 Nc5 17. Nd2 Be5 18. b4 Nd7 19. Nf3 Bf6 20. Rfd1 Qc7 21. Rbc1
Rac8 22. Nd2 Rfe8 23. Na4 Qc6 24. b5 Qc7 25. Bxf6 Nxf6 26. Qe3 Nd7 27. Nb3 Red8
28. Qd4 Nc5 29. Nbxc5 bxc5 30. Qe3 axb5 31. cxb5 Qa5 32. Nc3 Qxa3 33. Ra1 Qb4
34. Ra4 Qb3 35. Rb1 Qc2 36. Ra2 Bxe4 1-0

[Event "County match"]
[Site "?"]
[Date "1988.11.05"]
[Round "?"]
[White "Speed, G."]
[Black "Stebbings, A."]
[Result "1/2-1/2"]
[WhiteElo "2120"]
[BlackElo "2224"]
[PlyCount "81"]
[EventDate "1988.??.??"]

1. e4 c5 2. Nf3 e6 3. d4 cxd4 4. Nxd4 Nc6 5. Be3 Nf6 6. Nc3 Qc7 7. Nb3 Bb4 8.
Bd3 d5 9. Bc5 dxe4 10. Bxb4 Nxb4 11. Nxe4 Qe5 12. Qe2 Nxd3+ 13. cxd3 O-O 14.
O-O Nd5 15. g3 Bd7 16. f4 Qc7 17. Rac1 Qb6+ 18. Qf2 Nb4 19. Qxb6 axb6 20. a3
Nxd3 21. Rcd1 Bc6 22. Rxd3 Bxe4 23. Rd6 Rfd8 24. Rxb6 Rac8 25. Re1 Bd5 26. Re2
Rc7 27. Rb4 Kf8 28. Kf2 Ke7 29. Rd2 Rdc8 30. Nd4 Rc1 31. Nf5+ Kf6 32. Ne3 Bc6
33. Rd1 Rxd1 34. Nxd1 Rd8 35. Ke2 e5 36. fxe5+ Kxe5 37. Nf2 Re8 38. Nd3+ Kd6+
39. Kd2 f5 40. Rd4+ Kc7 41. Nf4 1/2-1/2

[Event "National Club ch."]
[Site "?"]
[Date "1988.11.06"]
[Round "?"]
[White "Stebbings, A."]
[Black "Law, A."]
[Result "1/2-1/2"]
[WhiteElo "2224"]
[BlackElo "2224"]
[PlyCount "55"]
[EventDate "1988.??.??"]

1. d4 Nf6 2. c4 e6 3. Nc3 Bb4 4. e3 O-O 5. Nge2 Re8 6. a3 Bf8 7. d5 d6 8. Ng3
c6 9. Be2 exd5 10. cxd5 cxd5 11. Bf3 d4 12. Qxd4 Nc6 13. Qd1 Be6 14. O-O d5 15.
Nge2 Ne5 16. Nd4 Nxf3+ 17. Qxf3 Rc8 18. Bd2 Bd6 19. Qe2 Bb8 20. Rac1 Qd6 21. f4
Bd7 22. Qd3 a6 23. Nce2 Ba7 24. Rxc8 Rxc8 25. Rc1 Rxc1+ 26. Bxc1 Ne4 27. Bd2 h6
28. Bb4 1/2-1/2

[Event "Kent league"]
[Site "?"]
[Date "1988.11.17"]
[Round "?"]
[White "Stebbings, A."]
[Black "Camp, R."]
[Result "1-0"]
[WhiteElo "2224"]
[BlackElo "1816"]
[PlyCount "41"]
[EventDate "1988.??.??"]

1. e4 e6 2. d4 d5 3. Nd2 Nf6 4. e5 Nfd7 5. f4 c5 6. c3 Nc6 7. Ndf3 cxd4 8. cxd4
Qb6 9. h4 Bb4+ 10. Kf2 f6 11. Kg3 O-O 12. Bd3 fxe5 13. fxe5 Ndxe5 14. dxe5 Nxe5
15. Nxe5 Qf2+ 16. Kh3 Be1 17. Qg4 h5 18. Qg5 Rf5 19. Bxf5 exf5 20. Bf4 Bd2 21.
Ngf3 1-0

[Event "County match"]
[Site "?"]
[Date "1988.11.19"]
[Round "?"]
[White "Rivers, G."]
[Black "Stebbings, A."]
[Result "1/2-1/2"]
[WhiteElo "2096"]
[BlackElo "2224"]
[PlyCount "69"]
[EventDate "1988.??.??"]

1. e3 d5 2. c4 e6 3. Nf3 Nf6 4. b3 Bd6 5. Bb2 Nbd7 6. d4 c6 7. Nbd2 O-O 8. Bd3
b6 9. O-O Bb7 10. Ne5 c5 11. Nxd7 Nxd7 12. Qh5 h6 13. f4 Nf6 14. Qh3 Ne4 15.
Bxe4 dxe4 16. f5 exf5 17. Qxf5 Qh4 18. g3 Qe7 19. Rad1 Rae8 20. Nb1 Bc8 21. Qh5
Qg5 22. Qxg5 hxg5 23. dxc5 Bxc5 24. Bd4 Bb4 25. a3 Be7 26. Nc3 Bxa3 27. Ra1 Bb2
28. Rxa7 Bh3 29. Rf2 Bxc3 30. Bxc3 Ra8 31. Rfa2 Rxa7 32. Rxa7 Rb8 33. Be5 Rd8
34. Bd4 Rb8 35. Be5 1/2-1/2

[Event "London league"]
[Site "?"]
[Date "1988.12.05"]
[Round "?"]
[White "Stebbings, A."]
[Black "Whiteley, A."]
[Result "1/2-1/2"]
[WhiteElo "2224"]
[BlackElo "2312"]
[PlyCount "62"]
[EventDate "1988.??.??"]

1. d4 d5 2. c4 c6 3. Nc3 Nf6 4. e3 e6 5. Nf3 Nbd7 6. Qc2 Bd6 7. b3 O-O 8. Be2
dxc4 9. bxc4 e5 10. O-O Re8 11. Bb2 Qe7 12. Rfe1 e4 13. Nd2 c5 14. f3 exf3 15.
Bxf3 cxd4 16. exd4 Qxe1+ 17. Rxe1 Rxe1+ 18. Kf2 Re8 19. Nb5 Bf4 20. Ba3 Nb6 21.
Nd6 Bxd6 22. Bxd6 Ng4+ 23. Bxg4 Bxg4 24. Nf3 Bxf3 25. gxf3 Rad8 26. Bc5 Nc8 27.
d5 b6 28. Be3 h6 29. Qa4 Re7 30. Bf4 Red7 31. Qa6 Ne7 1/2-1/2

[Event "Kent league"]
[Site "?"]
[Date "1988.12.07"]
[Round "?"]
[White "Stebbings, A."]
[Black "Percival, F."]
[Result "1-0"]
[WhiteElo "2224"]
[BlackElo "1856"]
[PlyCount "53"]
[EventDate "1988.??.??"]

1. e4 c5 2. Nf3 d6 3. d4 cxd4 4. Nxd4 Nf6 5. Nc3 a6 6. f4 e6 7. Be3 Be7 8. Qf3
Qc7 9. O-O-O b5 10. e5 Bb7 11. Bxb5+ axb5 12. Ndxb5 Qc8 13. Qg3 dxe5 14. fxe5
Nh5 15. Qh3 g6 16. Bh6 Ra5 17. Rhe1 Rg8 18. g4 Ng7 19. Qe3 Qc5 20. Qxc5 Bxc5
21. Nc7+ Ke7 22. Bg5+ f6 23. exf6+ Kf8 24. fxg7+ Kxg7 25. Nxe6+ Kf7 26. Nxc5
Rxc5 27. Re7+ 1-0

[Event "London league"]
[Site "?"]
[Date "1988.12.15"]
[Round "?"]
[White "Wright, D."]
[Black "Stebbings, A."]
[Result "1/2-1/2"]
[WhiteElo "2056"]
[BlackElo "2224"]
[PlyCount "29"]
[EventDate "1988.??.??"]

1. Nf3 d5 2. d4 c6 3. c4 Nf6 4. Nc3 e6 5. e3 Nbd7 6. Bd3 dxc4 7. Bxc4 b5 8. Bd3
a6 9. a4 b4 10. Ne4 Bb7 11. O-O c5 12. Nxf6+ Nxf6 13. dxc5 Bxc5 14. Qe2 O-O 15.
a5 1/2-1/2

[Event "London league"]
[Site "?"]
[Date "1989.01.04"]
[Round "?"]
[White "Stebbings, A."]
[Black "Povah, N."]
[Result "1-0"]
[WhiteElo "2224"]
[BlackElo "2360"]
[PlyCount "57"]
[EventDate "1989.??.??"]

1. d4 Nf6 2. c4 e6 3. Nc3 c5 4. Nf3 cxd4 5. Nxd4 Bb4 6. g3 d5 7. Qa4+ Nc6 8.
Nxc6 Bxc3+ 9. bxc3 bxc6 10. Qxc6+ Bd7 11. Qa6 O-O 12. Bg2 Qc7 13. O-O Rac8 14.
cxd5 exd5 15. Be3 Qxc3 16. Qxa7 Qc6 17. Rfd1 Bg4 18. Bf3 Bh3 19. Qd4 Qc2 20. a4
Ne4 21. a5 Rb8 22. Qxd5 Nc3 23. Qd3 Qb2 24. Rdc1 Rb3 25. Qc2 Qxc2 26. Rxc2 Rd8
27. Rcc1 Nb5 28. a6 h6 29. a7 1-0

[Event "National Club ch."]
[Site "?"]
[Date "1989.01.14"]
[Round "?"]
[White "Webster, A."]
[Black "Stebbings, A."]
[Result "1/2-1/2"]
[WhiteElo "2176"]
[BlackElo "2224"]
[PlyCount "33"]
[EventDate "1989.??.??"]

1. c4 Nf6 2. g3 c6 3. Nf3 d5 4. b3 Bg4 5. Bg2 e6 6. Bb2 Nbd7 7. O-O Bd6 8. d4
Qb8 9. cxd5 cxd5 10. Ba3 O-O 11. Bxd6 Qxd6 12. Nc3 Rac8 13. Qd2 a6 14. Rfc1 Rc6
15. Qb2 Rfc8 16. a3 Kf8 17. Na2 1/2-1/2

[Event "Kent league"]
[Site "?"]
[Date "1989.01.19"]
[Round "?"]
[White "Stebbings, A."]
[Black "Ali, M."]
[Result "1-0"]
[WhiteElo "2224"]
[BlackElo "2096"]
[PlyCount "73"]
[EventDate "1989.??.??"]

1. d4 e6 2. c4 Nf6 3. Nc3 Bb4 4. e3 c5 5. Nge2 d5 6. a3 Bxc3+ 7. Nxc3 cxd4 8.
exd4 dxc4 9. Bxc4 Nc6 10. Be3 O-O 11. O-O b6 12. Qd3 Bb7 13. Rad1 Ne7 14. Bg5
Rc8 15. Ba2 Re8 16. Rfe1 Nfd5 17. Bb1 g6 18. Ne4 f5 19. Nf6+ Nxf6 20. Bxf6 Qd7
21. Qh3 Nd5 22. Be5 Qe7 23. Qg3 Ba6 24. h4 Bc4 25. Rc1 Qf7 26. h5 Nf6 27. hxg6
hxg6 28. Qh4 Nh5 29. Rc3 Bd5 30. Rec1 Bb7 31. Rxc8 Rxc8 32. Rxc8+ Bxc8 33. Qd8+
Qf8 34. Qc7 Qe8 35. Qxa7 Qc6 36. Qc7 Bb7 37. f3 1-0

[Event "Banks match"]
[Site "London"]
[Date "1989.01.24"]
[Round "?"]
[White "Stebbings, A."]
[Black "Sargent, J."]
[Result "1-0"]
[WhiteElo "2224"]
[BlackElo "1984"]
[PlyCount "73"]
[EventDate "1989.??.??"]

1. d4 Nf6 2. c4 g6 3. Nc3 d5 4. Bf4 Bg7 5. Rc1 c6 6. e3 O-O 7. Nf3 e6 8. Bd3
Nbd7 9. O-O dxc4 10. Bxc4 Nb6 11. Bb3 Nbd5 12. Be5 Nxc3 13. Rxc3 Ne4 14. Rc1 f6
15. Bf4 g5 16. Qd3 f5 17. Be5 g4 18. Bxg7 Kxg7 19. Ne5 Qh4 20. Bd1 h5 21. Qe2
Rh8 22. Bc2 Nd6 23. f4 Qe7 24. e4 Bd7 25. Rfe1 Rae8 26. Qd2 fxe4 27. Bxe4 Nxe4
28. Rxe4 Reg8 29. Qa5 Be8 30. Rce1 b6 31. Qc3 c5 32. Nd3 Qf6 33. Re5 cxd4 34.
Qxd4 Kf7 35. Qd6 Rg6 36. f5 Rg5 37. Rxe6 1-0

[Event "Kent league"]
[Site "?"]
[Date "1989.01.26"]
[Round "?"]
[White "Munford, D."]
[Black "Stebbings, A."]
[Result "1/2-1/2"]
[WhiteElo "1984"]
[BlackElo "2224"]
[PlyCount "70"]
[EventDate "1989.??.??"]

1. c4 Nf6 2. Nc3 c5 3. g3 d5 4. cxd5 Nxd5 5. Bg2 Nc7 6. f4 e6 7. Nf3 Nc6 8. b3
Be7 9. Bb2 O-O 10. O-O Rb8 11. Ne4 b6 12. Ne5 Bb7 13. e3 Nd5 14. Qg4 g6 15. Ng5
f5 16. Qh4 Bxg5 17. fxg5 Nxe5 18. Bxe5 Nc7 19. d4 Bxg2 20. Kxg2 Rc8 21. Rac1
cxd4 22. Qxd4 Qxd4 23. exd4 Nd5 24. Kf3 Kf7 25. Rc4 Ke7 26. Rfc1 Kd7 27. Ke2 b5
28. Rxc8 Rxc8 29. Rxc8 Kxc8 30. a3 Kd7 31. Kd3 Kc6 32. Bb8 a6 33. Be5 Ne7 34.
Bf6 Nc8 35. Bd8 Kd5 1/2-1/2

[Event "County match"]
[Site "?"]
[Date "1989.02.04"]
[Round "?"]
[White "Alcock, G."]
[Black "Stebbings, A."]
[Result "0-1"]
[WhiteElo "1784"]
[BlackElo "2224"]
[PlyCount "38"]
[EventDate "1989.??.??"]

1. e4 c5 2. d4 cxd4 3. c3 dxc3 4. Nxc3 Nc6 5. Bc4 e6 6. Nf3 a6 7. O-O Nge7 8.
Bf4 Ng6 9. Bg3 d6 10. Qe2 Be7 11. Rfd1 Qc7 12. Rac1 O-O 13. a3 Rd8 14. b4 Bd7
15. Bb3 Rac8 16. Na4 Nd4 17. Qe3 Qxc1 18. Rxc1 Rxc1+ 19. Bd1 Rxd1+ 0-1

[Event "London league"]
[Site "?"]
[Date "1989.02.06"]
[Round "?"]
[White "Stebbings, A."]
[Black "Dargan, P."]
[Result "1/2-1/2"]
[WhiteElo "2224"]
[BlackElo "1880"]
[PlyCount "94"]
[EventDate "1989.??.??"]

1. d4 d5 2. c4 e6 3. Nc3 c5 4. cxd5 exd5 5. Nf3 Nc6 6. g3 Nf6 7. Bg2 Be7 8. O-O
O-O 9. Bg5 cxd4 10. Nxd4 Re8 11. Rc1 h6 12. Be3 Bf8 13. Nxc6 bxc6 14. Na4 Ng4
15. Bd4 Ba6 16. Bf3 Ne5 17. Bxe5 Rxe5 18. Rxc6 Qa5 19. Rc1 Rae8 20. Nc3 Bb4 21.
Nxd5 Bxe2 22. Bxe2 Rxd5 23. Bd3 Red8 24. a3 Rxd3 25. axb4 Qxb4 26. Qe2 Rd2 27.
Qa6 Qb6 28. Qxb6 axb6 29. b4 Rb2 30. Rc4 b5 31. Re4 Rdd2 32. Rf4 g5 33. Re4
Rdc2 34. Kg2 Kg7 35. h3 Rc4 36. Re7 Rbxb4 37. Ra1 Rc5 38. Raa7 Rf5 39. Re2 h5
40. Rb7 Rb3 41. Rd2 Kg6 42. Rb6+ Rf6 43. Rb8 b4 44. Rg8+ Kh6 45. Rh8+ Kg6 46.
Rg8+ Kh6 47. Rh8+ Kg6 1/2-1/2

[Event "National Club ch."]
[Site "?"]
[Date "1989.02.11"]
[Round "?"]
[White "Stebbings, A."]
[Black "Parr, F."]
[Result "0-1"]
[WhiteElo "2224"]
[BlackElo "2088"]
[PlyCount "86"]
[EventDate "1989.??.??"]

1. e4 g6 2. d4 Bg7 3. c3 d6 4. f4 c5 5. Nf3 cxd4 6. cxd4 Qb6 7. Nc3 Bg4 8. Qa4+
Bd7 9. Bb5 e6 10. O-O Ne7 11. Kh1 a6 12. Bxd7+ Nxd7 13. d5 exd5 14. Nxd5 Nxd5
15. exd5 O-O-O 16. Bd2 Nc5 17. Qc4 Qb5 18. Qxb5 axb5 19. Bc3 Bxc3 20. bxc3 Kd7
21. Ng5 Rdf8 22. f5 h6 23. fxg6 fxg6 24. Nf7 Rhg8 25. Nxh6 Rxf1+ 26. Rxf1 Ra8
27. Rf7+ Ke8 28. Rf6 Rxa2 29. h4 Rc2 30. Rxd6 Rxc3 31. Rxg6 b4 32. Rb6 b3 33.
Nf5 Na4 34. Rxb7 b2 35. Kh2 Rc1 36. Ng7+ Kd8 37. h5 b1=Q 38. Rxb1 Rxb1 39. h6
Ke7 40. d6+ Kf7 41. d7 Rb8 42. Ne8 Kg6 43. Nc7 Nc5 0-1

[Event "Kent league"]
[Site "?"]
[Date "1989.02.15"]
[Round "?"]
[White "Stebbings, A."]
[Black "Barber, H."]
[Result "0-1"]
[WhiteElo "2224"]
[BlackElo "2312"]
[PlyCount "52"]
[EventDate "1989.??.??"]

1. d4 f5 2. g3 g6 3. Bg2 Nf6 4. c4 Bg7 5. Nc3 O-O 6. Nf3 d6 7. O-O Nc6 8. d5
Ne5 9. Nxe5 dxe5 10. e4 f4 11. Bd2 g5 12. c5 c6 13. Qb3 Kh8 14. Rad1 Qe8 15. f3
Qh5 16. g4 Nxg4 17. fxg4 Bxg4 18. Qxb7 f3 19. Rb1 fxg2 20. Rxf8+ Rxf8 21. Be3
Rf1+ 22. Rxf1 gxf1=Q+ 23. Kxf1 Qh3+ 24. Kf2 Qf3+ 25. Kg1 Qxe3+ 26. Kg2 Bh3+ 0-1

[Event "London league"]
[Site "?"]
[Date "1989.02.20"]
[Round "?"]
[White "Lewis, A."]
[Black "Stebbings, A."]
[Result "0-1"]
[WhiteElo "2240"]
[BlackElo "2224"]
[PlyCount "62"]
[EventDate "1989.??.??"]

1. c4 Nf6 2. Nc3 c5 3. g3 d5 4. cxd5 Nxd5 5. Bg2 Nc7 6. a3 g6 7. b4 Bg7 8. Bb2
cxb4 9. axb4 Nc6 10. h4 O-O 11. h5 Nxb4 12. hxg6 hxg6 13. Nf3 Bf5 14. Kf1 Bd7
15. Qb3 a5 16. Na4 Bc6 17. Qc4 e6 18. Bxg7 Kxg7 19. Qf4 Rh8 20. Rxh8 Kxh8 21.
Qxf7 Be8 22. Qf8+ Kh7 23. Nb6 Ra6 24. Nc4 Nc6 25. Qf4 Nd5 26. Ng5+ Kg8 27. Bxd5
Qxd5 28. f3 b5 29. Ne3 Qd4 30. Qxd4 Nxd4 31. Ng4 b4 0-1

[Event "National Club ch."]
[Site "?"]
[Date "1989.02.26"]
[Round "?"]
[White "Hasson, P."]
[Black "Stebbings, A."]
[Result "0-1"]
[WhiteElo "2040"]
[BlackElo "2224"]
[PlyCount "82"]
[EventDate "1989.??.??"]

1. d4 Nf6 2. c4 e6 3. Nf3 Bb4+ 4. Bd2 Qe7 5. g3 Nc6 6. Bg2 Bxd2+ 7. Nbxd2 d6 8.
O-O O-O 9. e4 a5 10. e5 dxe5 11. dxe5 Nd7 12. Qe2 Rd8 13. Rfe1 Nc5 14. Nf1 Bd7
15. h4 Be8 16. N1h2 Rd7 17. Ng4 Rad8 18. Red1 Nd4 19. Nxd4 Rxd4 20. Rxd4 Rxd4
21. Rd1 Qd8 22. Rxd4 Qxd4 23. b3 b6 24. Bf3 Kf8 25. Qd1 Qxd1+ 26. Bxd1 Bc6 27.
f4 Be4 28. Nf2 Ke7 29. Kf1 Bb1 30. a3 Ba2 31. b4 axb4 32. axb4 Bxc4+ 33. Be2
Bxe2+ 34. Kxe2 Na6 35. b5 Nc5 36. Kd2 Kd7 37. Kc3 c6 38. Kc4 h5 39. Kb4 Kc7 40.
Kc4 cxb5+ 41. Kxb5 Kb7 0-1

[Event "Kent league"]
[Site "?"]
[Date "1989.03.02"]
[Round "?"]
[White "Morris, P."]
[Black "Stebbings, A."]
[Result "0-1"]
[WhiteElo "2208"]
[BlackElo "2224"]
[PlyCount "72"]
[EventDate "1989.??.??"]

1. d4 Nf6 2. Nc3 d5 3. Bg5 Nbd7 4. Nf3 e6 5. e4 h6 6. Bxf6 Nxf6 7. Bd3 Bb4 8.
exd5 Nxd5 9. Qd2 c5 10. a3 Bxc3 11. bxc3 O-O 12. O-O Qc7 13. Ne5 Rd8 14. a4 Bd7
15. a5 Rac8 16. Ra3 Be8 17. Re1 Qe7 18. Rea1 Rc7 19. c4 Nb4 20. dxc5 Na6 21.
Qf4 Nxc5 22. Bf1 Qg5 23. Qxg5 hxg5 24. Rg3 f6 25. Nd3 Rd4 26. Nxc5 Rxc5 27. a6
b6 28. Re3 e5 29. Bd3 Bf7 30. c3 Rd6 31. g3 Bxc4 32. Bxc4+ Rxc4 33. Kf1 Kf7 34.
Ke2 Ke6 35. Ra2 Rd5 36. Rd3 Rcc5 0-1

[Event "London league"]
[Site "?"]
[Date "1989.03.08"]
[Round "?"]
[White "Johnstone, P."]
[Black "Stebbings, A."]
[Result "1/2-1/2"]
[WhiteElo "2304"]
[BlackElo "2224"]
[PlyCount "41"]
[EventDate "1989.??.??"]

1. d4 Nf6 2. Nc3 d5 3. Bg5 Nbd7 4. Nf3 e6 5. e4 h6 6. Bh4 g5 7. Bg3 Nxe4 8.
Nxe4 dxe4 9. Ne5 Bg7 10. Qe2 Nxe5 11. Bxe5 Bxe5 12. Qb5+ Kf8 13. Qxe5 Rg8 14.
Qxe4 Qd5 15. Qe3 Bd7 16. Be2 Bc6 17. Bf3 Qa5+ 18. c3 Bxf3 19. Qxf3 Qd5 20. Qxd5
exd5 21. Kd2 1/2-1/2

[Event "County match"]
[Site "?"]
[Date "1989.03.11"]
[Round "?"]
[White "McMichael, R."]
[Black "Stebbings, A."]
[Result "1/2-1/2"]
[WhiteElo "2112"]
[BlackElo "2224"]
[PlyCount "82"]
[EventDate "1989.??.??"]

1. d4 Nf6 2. Nf3 e6 3. Bg5 c5 4. e3 Be7 5. Nbd2 b6 6. Bd3 O-O 7. Qe2 Bb7 8. c3
cxd4 9. exd4 Nc6 10. h4 Re8 11. O-O-O d6 12. g4 e5 13. Bxf6 Bxf6 14. d5 Nb8 15.
g5 Be7 16. Qe4 g6 17. h5 Bxg5 18. Nxg5 Qxg5 19. Rdg1 Qf6 20. hxg6 hxg6 21. Rh6
Kf8 22. Rh3 Ke7 23. Rf3 Qh8 24. Bb5 Rf8 25. Qc4 Rc8 26. Qd3 Rf8 27. Re3 a6 28.
Ba4 b5 29. Bb3 Nd7 30. f4 Qh2 31. Qf1 Rh8 32. Re2 Qh3 33. Qf2 Qh4 34. fxe5 Qxf2
35. exd6+ Kxd6 36. Rxf2 Bxd5 37. Bxd5 Kxd5 38. Rxf7 Ne5 39. Rf6 Rhf8 40. Rb6
Rfb8 41. Rxb8 Rxb8 1/2-1/2

[Event "Kent league"]
[Site "?"]
[Date "1989.03.31"]
[Round "?"]
[White "Stebbings, A."]
[Black "Mack, A."]
[Result "1/2-1/2"]
[WhiteElo "2224"]
[BlackElo "2096"]
[PlyCount "71"]
[EventDate "1989.??.??"]

1. d4 e6 2. c4 d5 3. Nc3 c5 4. cxd5 cxd4 5. Qa4+ Bd7 6. Qxd4 exd5 7. Qxd5 Nc6
8. Nf3 Nf6 9. Qd1 Bc5 10. e3 Qe7 11. Be2 O-O-O 12. O-O g5 13. Bd2 g4 14. Nd4
Rhg8 15. Qc2 Kb8 16. Nxc6+ Bxc6 17. b4 Bxb4 18. Rfd1 Qe5 19. Rab1 g3 20. hxg3
Rxg3 21. e4 Rdg8 22. fxg3 Bc5+ 23. Kf1 Qxg3 24. Bf4+ Qxf4+ 25. Bf3 Ng4 26. Nd5
Ne3+ 27. Nxe3 Qxe3 28. Rd3 Qg1+ 29. Ke2 Qf2+ 30. Kd1 Qf1+ 31. Kd2 Rxg2+ 32.
Bxg2 Qxg2+ 33. Kc3 Qxc2+ 34. Kxc2 Bxe4 35. Rf1 h6 36. Rxf7 1/2-1/2

[Event "National Club ch."]
[Site "?"]
[Date "1989.04.16"]
[Round "?"]
[White "Stebbings, A."]
[Black "Almond, R."]
[Result "1-0"]
[WhiteElo "2224"]
[BlackElo "1856"]
[PlyCount "67"]
[EventDate "1989.??.??"]

1. e4 c6 2. d4 d5 3. exd5 cxd5 4. c4 Nf6 5. Nc3 Nc6 6. Bg5 Be6 7. Bxf6 exf6 8.
c5 g6 9. Bb5 Qc7 10. Nge2 Bg7 11. a3 O-O 12. b4 Ne7 13. O-O f5 14. Qd2 h6 15.
Ba4 g5 16. f4 Bf6 17. Bc2 Kh8 18. Ng3 g4 19. Nh5 Ng8 20. Qd3 Qd7 21. Rad1 Bg7
22. h3 gxh3 23. Qxh3 Ne7 24. Ne2 a5 25. Neg3 Qc8 26. Nxg7 Kxg7 27. Qh4 Ng6 28.
Nh5+ Kh7 29. Qf6 Rg8 30. b5 Qd8 31. Bxf5 Qxf6 32. Nxf6+ Kg7 33. Bxe6 Kxf6 34.
Bxd5 1-0

[Event "Kent league"]
[Site "?"]
[Date "1989.05.07"]
[Round "?"]
[White "Stebbings, A."]
[Black "Sadler, M."]
[Result "0-1"]
[WhiteElo "2240"]
[BlackElo "2528"]
[PlyCount "90"]
[EventDate "1989.??.??"]

1. d4 d5 2. c4 dxc4 3. Nf3 a6 4. e3 Nf6 5. Bxc4 e6 6. O-O c5 7. Qe2 b5 8. Bb3
Bb7 9. Rd1 Nbd7 10. Nc3 Qb8 11. d5 e5 12. e4 Bd6 13. Nh4 O-O 14. Nf5 g6 15.
Nxd6 Qxd6 16. Bh6 Rfe8 17. Bc2 c4 18. a3 Nc5 19. f3 Nh5 20. g3 f6 21. Re1 Bc8
22. Be3 Bd7 23. a4 Nb7 24. axb5 axb5 25. Qf1 b4 26. Rxa8 Rxa8 27. Ra1 Ra5 28.
Rxa5 Nxa5 29. Nb1 Ng7 30. Qe1 Bb5 31. Bd2 c3 32. bxc3 b3 33. Bd1 Bd3 34. Be2
Qa6 35. Kf2 b2 36. c4 Bxe2 37. Qxe2 Nxc4 38. Bc3 Ne8 39. f4 Qa2 40. Qg4 Qa7+
41. Ke2 Qe3+ 42. Kf1 Qd3+ 43. Kf2 Qc2+ 44. Nd2 Qxc3 45. Qe6+ Kf8 0-1

[Event "National Club ch."]
[Site "?"]
[Date "1989.05.09"]
[Round "?"]
[White "Povah, N."]
[Black "Stebbings, A."]
[Result "1-0"]
[WhiteElo "2320"]
[BlackElo "2240"]
[PlyCount "53"]
[EventDate "1989.??.??"]

1. d4 Nf6 2. c4 e6 3. Nf3 Bb4+ 4. Bd2 Qe7 5. Qc2 Bxd2+ 6. Nbxd2 d6 7. g3 e5 8.
Bg2 O-O 9. O-O a5 10. Rad1 Nc6 11. Nb1 Bg4 12. Rfe1 e4 13. Ng5 Nb4 14. Qb3 h6
15. Nh3 d5 16. Nf4 c6 17. a3 dxc4 18. Qxc4 Nbd5 19. Nxd5 Nxd5 20. Nc3 Nxc3 21.
Qxc3 Qe6 22. Rc1 Rfd8 23. Qe3 Bf5 24. Rc5 Rd5 25. Qc3 Rad8 26. Qxa5 Rxc5 27.
Qxd8+ 1-0

[Event "London league"]
[Site "?"]
[Date "1989.05.11"]
[Round "?"]
[White "Stebbings, A."]
[Black "Knott, S."]
[Result "1/2-1/2"]
[WhiteElo "2240"]
[BlackElo "2304"]
[PlyCount "47"]
[EventDate "1989.??.??"]

1. d4 Nf6 2. c4 g6 3. Nc3 d5 4. Bf4 Bg7 5. Rc1 O-O 6. e3 c5 7. dxc5 Be6 8. Nf3
Nc6 9. Be2 Ne4 10. Nd4 Nxd4 11. exd4 Nxc3 12. bxc3 dxc4 13. Bf3 Bd5 14. O-O f6
15. Re1 Re8 16. Rb1 b6 17. cxb6 axb6 18. Bxd5+ Qxd5 19. Rxb6 e5 20. dxe5 Qxd1
21. Rxd1 fxe5 22. Bg5 Rxa2 23. Rc6 Ra4 24. h3 1/2-1/2

[Event "Tournament: Barbican Open"]
[Site "London"]
[Date "1989.09.08"]
[Round "?"]
[White "Bell, SC."]
[Black "Stebbings, A."]
[Result "0-1"]
[WhiteElo "1904"]
[BlackElo "2240"]
[PlyCount "78"]
[EventDate "1989.??.??"]

1. d4 Nf6 2. c4 e6 3. Nc3 Bb4 4. e3 c5 5. Nge2 cxd4 6. exd4 d5 7. c5 Ne4 8. Bd2
Nxd2 9. Qxd2 a5 10. a3 Bxc3 11. Nxc3 a4 12. Bb5+ Bd7 13. O-O b6 14. Qf4 bxc5
15. Nxd5 O-O 16. Bxd7 Nxd7 17. Ne3 Qb8 18. Qxb8 Raxb8 19. dxc5 Nxc5 20. Nc4 Nd3
21. Rab1 Rfc8 22. Rfd1 Nxf2 23. Nd6 Nxd1 24. Nxc8 Nxb2 25. Nd6 Rb3 26. Rc1 g5
27. Rc8+ Kg7 28. Rc7 Rxa3 29. Rxf7+ Kg6 30. Re7 Re3 31. Nb5 a3 32. Ra7 Nc4 33.
Kf2 Rb3 34. Nd4 Rb2+ 35. Kf3 a2 36. Nxe6 Nd2+ 37. Ke3 Nb3 38. Ra6 a1=Q 39. Rxa1
Nxa1 0-1

[Event "Tournament: Barbican Open"]
[Site "London"]
[Date "1989.09.09"]
[Round "?"]
[White "Stebbings, A."]
[Black "Briscoe, C."]
[Result "1-0"]
[WhiteElo "2240"]
[BlackElo "1952"]
[PlyCount "71"]
[EventDate "1989.??.??"]

1. e4 Nc6 2. Nf3 d5 3. exd5 Qxd5 4. Nc3 Qa5 5. d4 Bg4 6. Bb5 e6 7. h3 Bh5 8.
Qd3 O-O-O 9. Bxc6 bxc6 10. Ne5 Qb6 11. Be3 f6 12. Nc4 Qb7 13. Na5 Qb6 14. Nb3
Qb7 15. Qc4 Bf7 16. Na5 Qb6 17. Nxc6 Rd6 18. Nb4 Rd7 19. a3 a5 20. Nd3 Ne7 21.
O-O Nf5 22. Na4 Qa7 23. Nac5 e5 24. Qb5 Rd6 25. dxe5 fxe5 26. Nxe5 Nxe3 27.
Nxf7 Be7 28. fxe3 Rd5 29. b4 Bxc5 30. bxc5 Rg8 31. Rad1 Qxc5 32. Qa6+ Kd7 33.
Ne5+ Kd8 34. Qa8+ Ke7 35. Qxd5 Qxe3+ 36. Kh1 1-0

[Event "Tournament: Barbican Open"]
[Site "London"]
[Date "1989.09.09"]
[Round "?"]
[White "Gallagher, J."]
[Black "Stebbings, A."]
[Result "1-0"]
[WhiteElo "2432"]
[BlackElo "2240"]
[PlyCount "89"]
[EventDate "1989.??.??"]

1. e4 c5 2. Nf3 e6 3. d4 cxd4 4. Nxd4 Nc6 5. Nc3 Qc7 6. f4 a6 7. Nf3 b5 8. a3
Bb7 9. Bd3 Bc5 10. Bd2 d6 11. Qe2 Nd4 12. Nxd4 Bxd4 13. Bxb5+ axb5 14. Nxb5 Qb6
15. Nxd4 Qxb2 16. Qb5+ Qxb5 17. Nxb5 Ke7 18. Bb4 Bxe4 19. Nxd6 Bc6 20. O-O Nf6
21. c4 Nd7 22. Rad1 Rhb8 23. f5 e5 24. f6+ gxf6 25. Nb5+ Kd8 26. Rxf6 Bxb5 27.
cxb5 Ke8 28. Rh6 Nf8 29. Rd5 Ng6 30. Rxh7 Rd8 31. Rxd8+ Rxd8 32. h4 Rd5 33. b6
Rb5 34. h5 Nh4 35. Rh8+ Kd7 36. Rb8 e4 37. h6 Kc6 38. h7 Ng6 39. h8=Q Nxh8 40.
Rxh8 Rxb6 41. Rh6+ Kb7 42. Rxb6+ Kxb6 43. Kf2 f5 44. Ke3 Kb5 45. Kf4 1-0

[Event "Tournament: Barbican Open"]
[Site "London"]
[Date "1989.09.10"]
[Round "?"]
[White "Stebbings, A."]
[Black "Gavriel, T."]
[Result "1-0"]
[WhiteElo "2240"]
[BlackElo "2008"]
[PlyCount "117"]
[EventDate "1989.??.??"]

1. e4 e6 2. d4 d5 3. Nd2 Nf6 4. e5 Nfd7 5. f4 c5 6. c3 Nc6 7. Ndf3 cxd4 8. cxd4
Qb6 9. g3 f6 10. Bh3 Bb4+ 11. Kf1 O-O 12. Kg2 Ndxe5 13. fxe5 fxe5 14. dxe5 Nxe5
15. Qe2 Ng6 16. Be3 Bc5 17. Bxc5 Qxc5 18. Bxe6+ Bxe6 19. Qxe6+ Kh8 20. Re1 Rf6
21. Qe3 Qa5 22. Nd4 Qxa2 23. Re2 Raf8 24. Ngf3 Qa4 25. Rc1 Qd7 26. h3 h6 27.
Rcc2 a6 28. Ne5 Nxe5 29. Qxe5 R8f7 30. Qe8+ Qxe8 31. Rxe8+ Kh7 32. Rd8 Rf1 33.
Rxd5 Rd1 34. Rf5 Re7 35. Nf3 Rb1 36. Re5 Rd7 37. Re1 Rxe1 38. Nxe1 g5 39. Nf3
Re7 40. Rd2 b5 41. Kf2 Re6 42. Re2 Rd6 43. Ke3 a5 44. Rd2 Re6+ 45. Kd4 Rc6 46.
Ke5 a4 47. Rd7+ Kg6 48. Nd4 Rc5+ 49. Rd5 Rc1 50. Rxb5 Re1+ 51. Kd5 Rh1 52. Rb6+
Kh5 53. g4+ Kh4 54. Nf5+ Kxh3 55. Rxh6+ Kg2 56. Rxh1 Kxh1 57. Kc4 Kg2 58. Kb4
Kf3 59. Nh6 1-0

[Event "Tournament: Barbican Open"]
[Site "London"]
[Date "1989.09.10"]
[Round "?"]
[White "Kumaran, D."]
[Black "Stebbings, A."]
[Result "1/2-1/2"]
[WhiteElo "2208"]
[BlackElo "2240"]
[PlyCount "27"]
[EventDate "1989.??.??"]

1. d4 Nf6 2. c4 e6 3. Nc3 Bb4 4. Nf3 c5 5. g3 Bxc3+ 6. bxc3 Qa5 7. Bd2 Nc6 8.
Bg2 Ne4 9. Qc2 Nxd2 10. Qxd2 d6 11. O-O O-O 12. d5 Ne7 13. dxe6 Bxe6 14. Qxd6
1/2-1/2